Catálogo
 En Linea

Carta encíclica de nuestro Santísimo Señor Juan por la Divina Providencia, Papa XXIII. (Registro nro. 34708)

Detalles MARC
000 -CABECERA
campo de control de longitud fija 00534nam a2200157 a 4500
001 - NÚMERO DE CONTROL
campo de control 000035217
005 - FECHA Y HORA DE LA ÚLTIMA TRANSACCIÓN
campo de control 20200930074201.0
008 - DATOS DE LONGITUD FIJA--INFORMACIÓN GENERAL
campo de control de longitud fija 111026s1963 sp 000 0 spa d
040 ## - FUENTE DE LA CATALOGACIÓN
Centro catalogador/agencia de origen DO-SdBNP
Lengua de catalogación spa
Centro/agencia transcriptor BNPHU
082 ## - NÚMERO DE LA CLASIFICACIÓN DECIMAL DEWEY
Número de clasificación xxx
110 1# - ENTRADA PRINCIPAL--NOMBRE DE ENTIDAD CORPORATIVA
Nombre de entidad corporativa o nombre de jurisdicción como elemento de entrada Iglesia Catolica
Unidad subordinada Papa (1958-1963 : Juan XXIII)
9 (RLIN) 60269
240 10 - TÍTULO UNIFORME
Título uniforme Pacem in terris
Lenguaje de la obra español
245 13 - MENCIÓN DE TÍTULO
Título Carta encíclica de nuestro Santísimo Señor Juan por la Divina Providencia, Papa XXIII.
260 ## - PUBLICACIÓN, DISTRIBUCIÓN, ETC.
Lugar de publicación, distribución, etc. Madrid, España :
Nombre del editor, distribuidor, etc. Apostolado de la prensa,
Fecha de publicación, distribución, etc. 1963.
300 ## - DESCRIPCIÓN FÍSICA
Extensión 62 p. ;
Dimensiones 18 cm.
Existencias
Estado de retiro Estado de pérdida Restricciones de uso No para préstamo Código de colección Localización permanente Ubicación/localización actual Ubicación en estantería Fecha de adquisición Número de inventario Total de préstamos Signatura topográfica completa Código de barras Fecha visto por última vez Precio válido a partir de Tipo de ítem Koha
      Excluido de préstamo Monografías: Libros y Folletos General General En catalogación 26.10.2011 LF1   xxx 35217-10 25.06.2020 25.06.2020 No se presta

Con tecnología Koha